Economics
Gespeichert in:
| 1. Verfasser: | |
|---|---|
| Weitere Verfasser: | |
| Format: | Buch |
| Sprache: | Englisch |
| Veröffentlicht: |
New York
Harper and Row Publ.
1966
|
| Ausgabe: | 1. ed. |
| Schlagworte: | |
| Tags: |
Keine Tags, Fügen Sie das erste Tag hinzu!
|
MARC
| LEADER | 00000nam a2200000 4500 | ||
|---|---|---|---|
| 001 | c001056 | ||
| 005 | 20221220103155.9 | ||
| 041 | 0 | |a eng | |
| 044 | |a US | ||
| 245 | 1 | 0 | |a Economics |c Richard G. Lipsey, Peter O. Steiner |
| 250 | |a 1. ed. | ||
| 264 | 1 | |a New York |b Harper and Row Publ. |c 1966 | |
| 300 | |a 760 s. | ||
| 610 | 2 | 0 | |a ekonómia |
| 610 | 2 | 0 | |a teórie ekonomické |
| 610 | 2 | 0 | |a metódy ekonomicko-matematické |
| 610 | 2 | 0 | |a ceny |
| 610 | 2 | 0 | |a dopyt |
| 610 | 2 | 0 | |a ponuka |
| 610 | 2 | 0 | |a trh |
| 610 | 2 | 0 | |a distribúcia |
| 610 | 2 | 0 | |a obchod medzinárodný |
| 610 | 2 | 0 | |a hospodárstvo trhové |
| 610 | 2 | 0 | |a príjmy |
| 610 | 2 | 0 | |a peniaze |
| 610 | 2 | 0 | |a bankovníctvo |
| 610 | 2 | 0 | |a rast hospodársky |
| 610 | 2 | 0 | |a rozvoj hospodársky |
| 610 | 2 | 0 | |a makroekonomika |
| 100 | 1 | |a Lipsey, Richard G. | |
| 700 | 1 | |a Steiner, Peter O. | |